| 000 | 00353nam a2200157Ia 4500 | ||
|---|---|---|---|
| 100 | _aCengel/yunus A/ Boles/M.A | ||
| 650 | _aThermodynamics | ||
| 942 | _cBK | ||
| 366 | _f25 | ||
| 245 | _aThermodynamics:Engineering Approach | ||
| 260 |
_bMC Graw-Hill _c2010 |
||
| 082 |
_a536.7 _bCEN |
||
| 300 | _a943 | ||
| 546 |
_aENGLISH _cInfo.Tech |
||
| 999 |
_c29473 _d29473 |
||